| 000 | 00000nam 2200000zi 4500 |
| 001 | 9.867751 |
| 003 | CaOODSP |
| 005 | 20221107162409 |
| 006 | m o d f |
| 007 | cr ||||||||||| |
| 008 | 190130s2019 onc #o f|0| 0 fre d |
| 040 | |aCaOODSP|bfre|erda|cCaOODSP |
| 043 | |an-cn--- |
| 086 | 1 |aXC61-1/1-421-16F-PDF |
| 110 | 1 |aCanada. |bParlement. |bChambre des communes. |bComité permanent du patrimoine canadien. |
| 245 | 13|aLa parité hommes-femmes dans les organismes artistiques et culturels canadiens / |cJulie Dabrusin, president. |
| 264 | 1|a[Ottawa, Ontario] : |bChambre des communes, |c2019. |
| 264 | 4|c©2019 |
| 300 | |a1 ressource en ligne ( viii, 33 pages) |
| 336 | |atexte|btxt|2rdacontent/fre |
| 337 | |ainformatique|bc|2rdamedia/fre |
| 338 | |aressource en ligne|bcr|2rdacarrier/fre |
| 490 | 1 |aRapport du Comité permanent du patrimoine canadien ; |vSeizième rapport, 42e législature, 1re session |
| 500 | |aPublié aussi en anglais sous le titre : Gender parity in Canadian artistic and cultural organizations. |
| 500 | |a« Janvier 2019. » |
| 500 | |aDate originale de publication: 2019/01/29; date de publication: 2019/05/07. |
| 504 | |aComprend des références bibliographiques. |
| 520 | |a« En l’absence d’études et de données exhaustives sur la parité hommes-femmes dans les organismes artistiques et culturels canadiens, le Comité a invité les témoins à faire part de leurs expériences et de leurs observations sur leur milieu de travail. Dans certains cas, des données sur certaines disciplines ont été présentées »--p. 6. |
| 692 | 07|2gccst|aÉgalité des sexes |
| 692 | 07|2gccst|aInstitution culturelle |
| 700 | 1 |aDabrusin, Julie, |eauteur. |
| 775 | 08|tGender parity in Canadian artistic and cultural organizations / |w(CaOODSP)9.867749 |
| 830 | #0|aRapport du Comité permanent du patrimoine canadien ;|vSeizième rapport, 42e législature, 1re session.|w(CaOODSP)9.503603 |
| 856 | 40|qPDF|s4.82 Mo|uhttps://publications.gc.ca/collections/collection_2019/parl/xc61-1/XC61-1-1-421-16-fra.pdf |